|
|
|
|
| LEADER |
01796nam a2200409 i 4500 |
| 001 |
44805 |
| 003 |
BD-DhAAL |
| 005 |
20250916120254.0 |
| 008 |
250916t2020 enk 000 0 eng d |
| 010 |
|
|
|a 2015514768
|
| 020 |
|
|
|a 9781846275975
|
| 020 |
|
|
|a 9781846271621
|
| 035 |
|
|
|a 18955342
|
| 040 |
|
|
|a DLC
|b eng
|e rda
|c DLC
|d BD-DhAAL
|
| 041 |
1 |
|
|a eng
|h kor
|
| 042 |
|
|
|a pcc
|
| 043 |
|
|
|a a-ko---
|
| 050 |
0 |
0 |
|a PL992.26.K36
|b S6613 2016b
|
| 082 |
0 |
0 |
|a 895.735
|2 23
|
| 100 |
1 |
|
|a Han, Kang,
|d 1970-
|e author.
|9 58664
|
| 240 |
1 |
0 |
|a Sonyŏn i onda.
|l English
|
| 245 |
1 |
0 |
|a Human acts :
|b a novel /
|c Han Kang ; translated from the Korean and introduced by Deborah Smith.
|
| 260 |
|
|
|a London :
|b Granta Books,
|c 2020.
|
| 300 |
|
|
|a 224 pages ;
|c 24 cm
|
| 500 |
|
|
|a The book was originally published as "Sonyŏn i onda" in 2014 by Changbi Publishers, Inc.
|
| 541 |
|
|
|a Donated by Farhana Zahir, Assistant Professor, BRAC Business School, BRAC University
|e 44805
|
| 546 |
|
|
|a Translated from the Korean.
|
| 586 |
|
|
|a Nobel Prize in Literature, 2024.
|
| 650 |
|
0 |
|a Democratization
|z Korea (South)
|x History
|y 20th century
|v Fiction.
|9 59345
|
| 651 |
|
0 |
|a Korea (South)
|v Fiction.
|9 59346
|
| 651 |
|
0 |
|a Korea (South)
|x Politics and government
|y 1960-
|v Fiction.
|9 59347
|
| 655 |
|
7 |
|a Fiction.
|2 lcgft
|
| 700 |
1 |
|
|a Smith, Deborah,
|d 1987-
|e translator.
|9 59348
|
| 852 |
|
|
|a Ayesha Abed Library
|c General Stacks
|
| 942 |
|
|
|2 ddc
|c BK
|
| 999 |
|
|
|c 47547
|d 47547
|
| 952 |
|
|
|0 0
|1 0
|2 ddc
|4 0
|6 895_735000000000000_HAN
|7 0
|9 78201
|a BRACUL
|b BRACUL
|c AWC
|d 2025-09-16
|e Donated by Farhana Zahir, Assistant Professor, BRAC Business School, BRAC University
|l 3
|o 895.735 HAN
|p 3010044805
|r 2026-03-05
|s 2026-02-22
|t 1
|w 2025-09-16
|y AWC
|x Donated by Farhana Zahir, Assistant Professor, BRAC Business School, BRAC University ; £9.99
|